000
00310nam a22001337a 4500
008
180814b xxu||||| |||| 00| 0 eng d
020
_a
9781559532006
041
_a
eng
080
_a
51
100
_a
36
101
_a
MAT
245
_a
DISCOVERING GEOMETRY AN INDUCTIVE APPROACH
_c
SERRA.M
942
_2
udc
_c
BK
999
_c
47123
_d
47123